[Event "Llinars del Valles op-A 5th"]
[Site "Llinars del Valles"]
[Date "2011.06.04"]
[Round "7"]
[White "Salagran Ferragut, Guillem"]
[Black "Albert Cristobal, Jordi"]
[Result "1-0"]
[WhiteElo "1770"]
[BlackElo "1873"]
[PlyCount "67"]
[EventDate "2011.04.30"]
[EventType "swiss"]
[EventRounds "7"]
[EventCountry "ESP"]
[SourceTitle "EXT 2012"]
[Source "ChessBase"]
[SourceDate "2011.11.24"]
[SourceVersion "1"]
[SourceVersionDate "2011.11.24"]
[SourceQuality "1"]

1. e4 d5 2. exd5 Nf6 3. Bb5+ Bd7 4. Bc4 c6 5. dxc6 Nxc6 6. Nf3 g6 7. 0-0 Bg7 8. c3 0-0 9. d4 Qc8 10. Bb3 Bg4 11. h3 Bf5 12. Bf4 Rd8 13. Qe2 Be4 14. Bxf7+ Kf8 15. Ng5 h6 16. Be6 hxg5 17. Bxc8 Raxc8 18. Bxg5 Bd5 19. Re1 Re8 20. Nd2 e5 21. Qb5 Ne7 22. dxe5 Bc6 23. Qb4 Nfd5 24. Qg4 Nf5 25. Bf6 Kf7 26. Ne4 Nxf6 27. Nxf6 Bxf6 28. Qc4+ Kg7 29. exf6+ Kxf6 30. Qf4 Rh8 31. f3 Kg7 32. g4 Rxh3 33. gxf5 Rf8 34. Re7+ 1-0

[Event "Llinars del Valles op-A 5th"]
[Site "Llinars del Valles"]
[Date "2011.05.21"]
[Round "4"]
[White "Albert Cristobal, Jordi"]
[Black "Fernandez Felguera, Alvaro"]
[Result "1-0"]
[WhiteElo "1873"]
[BlackElo "1745"]
[PlyCount "65"]
[EventDate "2011.04.30"]
[EventType "swiss"]
[EventRounds "7"]
[EventCountry "ESP"]
[SourceTitle "EXT 2012"]
[Source "ChessBase"]
[SourceDate "2011.11.24"]
[SourceVersion "1"]
[SourceVersionDate "2011.11.24"]
[SourceQuality "1"]

1. c4 e5 2. Nc3 Nf6 3. e4 Nc6 4. Nf3 Bc5 5. a3 a5 6. Be2 d6 7. 0-0 0-0 8. d3 h6 9. Bd2 Bg4 10. h3 Bxf3 11. Bxf3 Nd4 12. Be3 c6 13. Rb1 Nd7 14. Bxd4 Bxd4 15. Ne2 Bb6 16. Ng3 Nc5 17. Nf5 Ne6 18. g3 Nd4 19. Nh4 Qf6 20. Bg2 Qe6 21. Kh2 f5 22. exf5 Nxf5 23. Qg4 Nd4 24. Qh5 Rf6 25. b4 Qf7 26. Qxf7+ Rxf7 27. b5 cxb5 28. Bd5 Raf8 29. f4 Bd8 30. Ng6 Re8 31. fxe5 Ne6 32. Nf4 Rfe7 33. exd6 1-0

[Event "Llinars del Valles op-A 5th"]
[Site "Llinars del Valles"]
[Date "2011.04.30"]
[Round "1"]
[White "Ortega Serra, Marc"]
[Black "Albert Cristobal, Jordi"]
[Result "1-0"]
[WhiteElo "2219"]
[BlackElo "1873"]
[PlyCount "41"]
[EventDate "2011.04.30"]
[EventType "swiss"]
[EventRounds "7"]
[EventCountry "ESP"]
[SourceTitle "EXT 2012"]
[Source "ChessBase"]
[SourceDate "2011.11.24"]
[SourceVersion "1"]
[SourceVersionDate "2011.11.24"]
[SourceQuality "1"]

1. d4 Nf6 2. c4 d5 3. Nc3 e6 4. cxd5 exd5 5. Qc2 c6 6. Bg5 Be7 7. e3 Nbd7 8. Bd3 0-0 9. Nf3 h6 10. Bh4 Qc7 11. 0-0 Bd6 12. Rac1 a6 13. a3 Nh5 14. Nxd5 Qb8 15. Ne7+ Kh8 16. Nf5 Ndf6 17. Nxd6 Qxd6 18. Ne5 Nd7 19. Nxd7 Qxd7 20. Qc5 Qe6 21. Qxh5 1-0

[Event "Cerdanyola del Valles op 28th"]
[Site "Cerdanyola del Valles"]
[Date "2010.11.06"]
[Round "6"]
[White "Albert Cristobal, Jordi"]
[Black "Albert Estebanez, Alex"]
[Result "1/2-1/2"]
[WhiteElo "1902"]
[BlackElo "1619"]
[PlyCount "47"]
[EventDate "2010.10.02"]
[EventType "swiss"]
[EventRounds "7"]
[EventCountry "ESP"]
[SourceTitle "EXT 2012"]
[Source "ChessBase"]
[SourceDate "2011.11.24"]
[SourceVersion "1"]
[SourceVersionDate "2011.11.24"]
[SourceQuality "1"]

1. e4 c5 2. f4 Nc6 3. c3 e6 4. Nf3 Be7 5. Na3 a6 6. d3 b5 7. Be3 Nf6 8. Qd2 Ng4 9. Be2 Nxe3 10. Qxe3 Bb7 11. 0-0 Qc7 12. Nc2 h6 13. Rac1 g5 14. e5 g4 15. Nd2 h5 16. d4 Na7 17. Bd3 c4 18. Be4 Nc6 19. d5 exd5 20. Bxd5 Nb4 21. cxb4 Bxd5 22. a3 a5 23. Ne4 Bxe4 24. Qxe4 1/2-1/2

[Event "Cerdanyola del Valles op 28th"]
[Site "Cerdanyola del Valles"]
[Date "2010.10.30"]
[Round "5"]
[White "Sanchez Canales, Pol"]
[Black "Albert Cristobal, Jordi"]
[Result "1-0"]
[WhiteElo "1694"]
[BlackElo "1902"]
[PlyCount "101"]
[EventDate "2010.10.02"]
[EventType "swiss"]
[EventRounds "7"]
[EventCountry "ESP"]
[SourceTitle "EXT 2012"]
[Source "ChessBase"]
[SourceDate "2011.11.24"]
[SourceVersion "1"]
[SourceVersionDate "2011.11.24"]
[SourceQuality "1"]

1. e4 c5 2. Nf3 Nf6 3. Nc3 d5 4. exd5 Nxd5 5. Bc4 Nxc3 6. bxc3 e6 7. 0-0 Bd7 8. Ne5 Nc6 9. Nxd7 Qxd7 10. Rb1 a6 11. d3 Be7 12. Be3 0-0 13. d4 b5 14. Be2 c4 15. Bf3 Rac8 16. d5 Ne5 17. Be4 f5 18. d6 Bf6 19. Bf3 Nxf3+ 20. Qxf3 Bxc3 21. Bf4 Bf6 22. Qa3 Rc6 23. Rbd1 Rd8 24. Rfe1 h6 25. Qg3 Kh7 26. Kf1 c3 27. h4 Rg8 28. Rd3 b4 29. Qe3 Re8 30. h5 e5 31. Qg3 e4 32. Qg6+ Kg8 33. Rd5 Re6 34. Rxf5 Bg5 35. Rf8+ Kxf8 36. Qf5+ Qf7 37. Qd5 Rcxd6 38. Bxd6+ Rxd6 39. Qxd6+ Qe7 40. Qxe7+ Kxe7 41. Rxe4+ Kd6 42. Rxb4 Kc5 43. Re4 Bf6 44. f4 a5 45. g4 Kb5 46. Ke2 Kc5 47. Kd3 Kd5 48. Ra4 Kc5 49. Rxa5+ Kb4 50. Ra6 Bh4 51. Rg6 1-0

[Event "Llinars del Valles op-B 4th"]
[Site "Llinars del Valles"]
[Date "2010.04.24"]
[Round "3"]
[White "Villar Reyes, Ramon"]
[Black "Albert Cristobal, Jordi"]
[Result "0-1"]
[WhiteElo "1695"]
[BlackElo "1849"]
[PlyCount "68"]
[EventDate "2010.04.10"]
[EventType "swiss"]
[EventRounds "7"]
[EventCountry "ESP"]
[SourceTitle "EXT 2012"]
[Source "ChessBase"]
[SourceDate "2011.11.24"]
[SourceVersion "1"]
[SourceVersionDate "2011.11.24"]
[SourceQuality "1"]

1. e4 e6 2. d4 d5 3. Nc3 dxe4 4. Nxe4 Qd5 5. Bd3 Nf6 6. Nxf6+ gxf6 7. Nf3 Rg8 8. Rg1 Nc6 9. Be3 Bd7 10. Qe2 0-0-0 11. 0-0-0 Qxa2 12. c4 Na5 13. d5 Ba4 14. Nd4 Bxd1 15. Rxd1 e5 16. Nb5 Nb3+ 17. Kc2 Nc5 18. Bf5+ Kb8 19. d6 Bxd6 20. Bxh7 Rh8 21. Bf5 a6 22. Nxd6 cxd6 23. Bxc5 dxc5 24. Rxd8+ Rxd8 25. g3 Rd6 26. h4 Rb6 27. Kc1 Rb4 28. Bd3 e4 29. Qxe4 Qxb2+ 30. Kd1 Qa1+ 31. Ke2 Rb2+ 32. Ke3 Qe1+ 33. Kf3 Rxf2+ 34. Kg4 f5+ 0-1

[Event "Llinars del Valles op-B 4th"]
[Site "Llinars del Valles"]
[Date "2010.04.17"]
[Round "2"]
[White "Albert Cristobal, Jordi"]
[Black "Cama Molina, Daniel"]
[Result "1-0"]
[WhiteElo "1849"]
[BlackElo "1646"]
[PlyCount "87"]
[EventDate "2010.04.10"]
[EventType "swiss"]
[EventRounds "7"]
[EventCountry "ESP"]
[SourceTitle "EXT 2012"]
[Source "ChessBase"]
[SourceDate "2011.11.24"]
[SourceVersion "1"]
[SourceVersionDate "2011.11.24"]
[SourceQuality "1"]

1. e4 c5 2. Nf3 d6 3. g3 g6 4. Bg2 Bg7 5. 0-0 Nc6 6. c3 Qb6 7. d3 Nf6 8. Nbd2 0-0 9. Re1 d5 10. exd5 Nxd5 11. Nc4 Qc7 12. Ng5 Nb6 13. Ne3 Rd8 14. Qb3 e6 15. Qc2 Bd7 16. Ne4 Ne7 17. Ng4 Bc6 18. Bf4 Qc8 19. Bg5 Qc7 20. Nh6+ Bxh6 21. Bxh6 Ned5 22. c4 Nb4 23. Qc3 e5 24. Nf6+ Kh8 25. Bxc6 Nxc6 26. f4 Rd4 27. Ng4 Re8 28. fxe5 Nxe5 29. Nxe5 Rxe5 30. Bf4 Rxe1+ 31. Rxe1 Qd7 32. Be5+ Kg8 33. Bxd4 cxd4 34. Qb3 h5 35. Qb5 Qxb5 36. cxb5 Na4 37. Re4 Nb6 38. Rxd4 Kf8 39. a4 Ke7 40. a5 Nc8 41. Kf2 Nd6 42. b6 axb6 43. axb6 Nc8 44. Rc4 1-0

[Event "Barcelona Ateneu Colon op 5th"]
[Site "Barcelona"]
[Date "2010.04.13"]
[Round "1"]
[White "Munoz Pantoja, Miguel Angel"]
[Black "Albert Cristobal, Jordi"]
[Result "1-0"]
[WhiteElo "2459"]
[BlackElo "1849"]
[PlyCount "55"]
[EventDate "2010.04.13"]
[EventType "swiss"]
[EventRounds "9"]
[EventCountry "ESP"]
[SourceTitle "EXT 2011"]
[Source "ChessBase"]
[SourceDate "2010.11.26"]
[SourceVersion "1"]
[SourceVersionDate "2010.11.26"]
[SourceQuality "1"]

1. e4 e6 2. d4 d5 3. Nd2 dxe4 4. Nxe4 Qd5 5. Bd3 Nf6 6. Nxf6+ gxf6 7. Nf3 Nc6 8. 0-0 Bd6 9. c4 Qh5 10. c5 Be7 11. Bf4 Rg8 12. Bg3 Bd7 13. Qe1 f5 14. Qe3 0-0-0 15. Qf4 e5 16. Nxe5 Bg5 17. Qf3 Qxf3 18. Nxf3 f6 19. Bc4 Rg7 20. d5 Na5 21. Bd3 b6 22. Nxg5 fxg5 23. Be5 Rf7 24. b4 Nb7 25. Ba6 c6 26. dxc6 Bxc6 27. Rac1 Re8 28. cxb6 1-0

[Event "Llinars del Valles op-B 4th"]
[Site "Llinars del Valles"]
[Date "2010.04.10"]
[Round "1"]
[White "Lopez Martinez, Angel"]
[Black "Albert Cristobal, Jordi"]
[Result "0-1"]
[WhiteElo "1438"]
[BlackElo "1849"]
[PlyCount "72"]
[EventDate "2010.04.10"]
[EventType "swiss"]
[EventRounds "7"]
[EventCountry "ESP"]
[SourceTitle "EXT 2012"]
[Source "ChessBase"]
[SourceDate "2011.11.24"]
[SourceVersion "1"]
[SourceVersionDate "2011.11.24"]
[SourceQuality "1"]

1. e4 c5 2. Nf3 d6 3. d4 cxd4 4. Nxd4 Nf6 5. Nc3 a6 6. Bg5 e6 7. a4 Be7 8. g3 Nbd7 9. Bg2 Qb6 10. 0-0 Qxb2 11. Qd2 Qb6 12. a5 Qd8 13. Rfb1 Ne5 14. Bf1 Nfd7 15. Bxe7 Qxe7 16. Qe2 0-0 17. f4 Nc6 18. Nxc6 bxc6 19. Bg2 d5 20. exd5 Qc5+ 21. Kh1 cxd5 22. Na4 Qd6 23. Nb6 Rb8 24. Qe3 d4 25. Qd3 Nxb6 26. axb6 Rxb6 27. h3 Rxb1+ 28. Rxb1 e5 29. f5 Bd7 30. Be4 Bc6 31. Rf1 Bxe4+ 32. Qxe4 f6 33. g4 a5 34. h4 Qa3 35. Kh2 Rc8 36. g5 Qe3 0-1

[Event "Barcelona Ateneu Colon 3rd op"]
[Site "Barcelona"]
[Date "2008.04.08"]
[Round "1.2"]
[White "Albert Cristobal, Jordi"]
[Black "Beltran Rueda, Santiago"]
[Result "0-1"]
[WhiteElo "1840"]
[BlackElo "2428"]
[PlyCount "106"]
[EventDate "2008.04.08"]
[EventType "swiss"]
[EventRounds "9"]
[EventCountry "ESP"]
[SourceTitle "EXT 2024"]
[Source "ChessBase"]
[SourceDate "2023.10.10"]
[SourceVersion "1"]
[SourceVersionDate "2023.10.10"]
[SourceQuality "1"]

1. e4 c5 2. Nc3 Nc6 3. Bc4 e6 4. Nf3 Nf6 5. 0-0 a6 6. a4 d5 7. exd5 exd5 8. Ba2 Be7 9. d3 0-0 10. Re1 Bg4 11. h3 Bh5 12. Bg5 Nb4 13. Bb3 h6 14. Bh4 Rc8 15. Na2 Nxa2 16. Bxa2 g5 17. Bg3 Bd6 18. c3 Qc7 19. Bxd6 Qxd6 20. g4 Bg6 21. Qd2 Nd7 22. Re2 Rfe8 23. Rae1 Rxe2 24. Rxe2 f6 25. d4 c4 26. Qe1 Nf8 27. Bb1 Kf7 28. Bf5 Bxf5 29. gxf5 Rc7 30. Nh2 h5 31. Re3 Qf4 32. Qe2 Qxf5 33. Qxh5+ Kg7 34. Qe2 Ng6 35. Ng4 Rf7 36. Rf3 Nf4 37. Qd1 Re7 38. Kh2 Kg6 39. Ne3 Qd3 40. Qg1 Qe4 41. Rg3 Rh7 42. Qd1 Rh4 43. Qf3 Qxf3 44. Rxf3 Rh8 45. Ng4 b5 46. a5 b4 47. cxb4 Rb8 48. Ne3 Rxb4 49. Rxf4 gxf4 50. Nxd5 Rxb2 51. Nxf4+ Kf5 52. Kg3 c3 53. Nd3 Rd2 0-1